[Event "Jundiai op"]
[Site "Jundiai"]
[Date "2023.04.15"]
[Round "3"]
[White "Carneiro, Ruan Souza"]
[Black "Povia, Pedro Cezar Vezneya"]
[Result "1-0"]
[WhiteElo "1800"]
[BlackElo "1205"]
[PlyCount "55"]
[EventDate "2023.04.14"]
[EventType "swiss"]
[EventRounds "5"]
[EventCountry "BRA"]
[SourceTitle "CBM 213 Extra"]
[Source "ChessBase"]
[SourceDate "2023.05.31"]
[SourceVersion "1"]
[SourceVersionDate "2023.05.31"]
[SourceQuality "1"]

1. e4 c5 2. c3 d5 3. exd5 Qxd5 4. d4 Nf6 5. Nf3 e6 6. Be3 Nbd7 7. Na3 cxd4 8. Nb5 Bd6 9. c4 Bb4+ 10. Bd2 Bxd2+ 11. Qxd2 Qe4+ 12. Be2 0-0 13. Nbxd4 b6 14. 0-0 Bb7 15. h3 Ne5 16. Rfe1 Rad8 17. Rad1 Nc6 18. Bd3 Rxd4 19. Rxe4 Nxe4 20. Qe2 Rxd3 21. Qxd3 Nc5 22. Qe3 Re8 23. Ne5 Ne7 24. b4 Nf5 25. Qa3 f6 26. bxc5 fxe5 27. Qxa7 Be4 28. cxb6 1-0